000 00484nam a2200181Ia 4500
005 20250508163931.0
008 008 250505s9999 xx 000 0 eng d
037 _aTextual
040 _aFEDL
_beng
_cFEDL
041 _aeng
_2eng
084 _a362.5, CHO
_qFEDL
100 _aChossudovsky Michel
245 0 _aGlobalisation of poverty
260 _aDelhi, India
_bMadhyam Book
_c2001
300 _a280p.
942 _cTEXL
_h362.5, CHO
999 _c1386159
_d1386159